Non timber forest ptoducts of taxonomy, ecology and sustainability, វគ្គីករសាស្រ្ត អេកូឡូស៊ី និង ស្ថេរភាព នៃអនុផលព្រៃឈើ (Record no. 9408)
[ view plain ]
| 000 -LEADER | |
|---|---|
| fixed length control field | 00450nam a22001217a 4500 |
| 040 ## - CATALOGING SOURCE | |
| Transcribing agency | SY |
| 082 ## - DEWEY DECIMAL CLASSIFICATION NUMBER | |
| Classification number | 589 |
| 100 ## - MAIN ENTRY--AUTHOR NAME | |
| Personal name | VON MONIN; វន មុនិន្ទ |
| 245 ## - TITLE STATEMENT | |
| Title | Non timber forest ptoducts of taxonomy, ecology and sustainability, វគ្គីករសាស្រ្ត អេកូឡូស៊ី និង ស្ថេរភាព នៃអនុផលព្រៃឈើ |
| 260 ## - PUBLICATION, DISTRIBUTION, ETC. (IMPRINT) | |
| Place of publication | RUA |
| Name of publisher | VON |
| Year of publication | 2010 |
| 300 ## - PHYSICAL DESCRIPTION | |
| Number of Pages | 116p. |
| 942 ## - ADDED ENTRY ELEMENTS (KOHA) | |
| Koha item type | សៀវភៅភាសាខ្មែរ |
| 952 ## - LOCATION AND ITEM INFORMATION (KOHA) | |
| Withdrawn status [LOCAL, KOHA] | 0 |
| Permanent Location | Date acquired | Koha item type | Lost status | Shelving location | Barcode | Current Location | Full call number |
|---|---|---|---|---|---|---|---|
| Library Block C | 2016-09-01 | សៀវភៅភាសាខ្មែរ | C166 | RUA042586 | Library Block C | 589 VON 2010 C166 |